000 01014nam a22003137a 4500
003 CHAP
005 20220329133451.0
008 971013s1992 r 00010 d
010 _a6704
011 _a7676
035 _a6900
040 _cCHAP
090 _aFolleto 14117
100 0 0 _aSmith, F. W.
_9107002
245 _aFoliar symptoms of nutrient disorders in Cassia rotundifolia
260 _aMelbourne :
_bCommonwealth Scientific and Industrial Research Organization,
_c1992
300 _a14 p.
_b: ilus
590 _aBATCH-UPD
_b10
_c20130110
_lUCH01
_h2207
590 _aBATCH-UPD
_b10
_c20130410
_lUCH01
_h1512
590 _aBATCH-UPD
_b10
_c20130914
_lUCH01
_h0857
590 _aCONVERSION
_b10
_c20130109
_lUCH01
_h1305
650 1 4 _aCassia rotundifolia.
_919868
650 1 4 _aDiagnóstico foliar.
_932394
650 1 4 _aPlantas
_xDeficiencias nutritivas.
_988812
700 0 _aVan Den Berg, P. J.
_9117714
901 _aBK
942 _cFOLL
949 _aFolleto 14117
_bBC
_cFOLL
_d-16573
_eTS1
_i6900
_mD
_si
999 _c6704
_d6704